000
00474nam a2200181Ia 4500
008
090124s9999 xx 000 0 und d
082
_b
118779
100
_a
जोंधळे महावीर
245
_a
झुंबर
250
_a
1
260
_c
1979
300
_a
142
600
_a
जोंधळे महावीर
630
_a
झुंबर
700
_a
जोंधळे महावीर
730
_a
झुंबर
942
_c
BOOK
999
_c
164865
_d
164865